| 000 | 00974nam a2200241 a 4500 | ||
|---|---|---|---|
| 001 | 000233192 | ||
| 003 | AM-YeHGA | ||
| 005 | 20250618071558.0 | ||
| 008 | 030610s1984 ai a||||r|||||||||1|arm|d | ||
| 040 | _aAM-YeHGA | ||
| 041 | 1 |
_aarm _hrus |
|
| 100 | 1 |
_aՎոյնիչ, Էթել Լիլիան, _d1864-1960 _96791 |
|
| 245 | 1 | 0 |
_aԲոռ : _bՎեպ / _cԷ.Լ. Վոյնիչ ; Թարգմ. ռուս.՝ Շ.Ա. Գրիգորյան ; Առաջաբ.՝ Եվգ. Տարատուտա ; Խմբ.՝ Ա. Ցամաքյան. |
| 260 |
_aԵրևան : _bԼույս, _c1984. |
||
| 300 |
_a384 էջ : _bնկ. ; _c20 սմ. |
||
| 500 | _aՏողատակի ծանոթագր. | ||
| 650 | 1 | 4 |
_aԱնգլիական գրականություն _xՎեպ |
| 700 | 1 |
_aԳրիգորյան, Շավարշ Ավագի _eթարգմ. _4trl |
|
| 700 | 1 |
_aՑամաքյան, Արաքսյա Գեղեցիկի _eխմբ. _4edt |
|
| 700 | 1 |
_aՏարատուտա, Եվգ. _eառաջաբ․ _4aui |
|
| 942 |
_2udc _cBK |
||
| 090 | _c83562 | ||
| 999 |
_c82293 _d82293 |
||